000 00388nam a2200169Ia 4500
008 221030s9999 xx 000 0 und d
020 _a0070532826
041 _aEnglish
082 _a105.23
_bFu
100 _aLimin Fu
245 0 _aNeural Networks in Computer Intelligence
250 _a2nd
260 _bTMH
_aNew Delhi
_c2004
300 _a460
650 _aComputers
942 _cBK
999 _c1766
_d1766